000 01582nam a2200301 a 4500
001 BRCA_4917
005 20190320204846.0
008 201010s1823----mx-####f#v---#000-0#spa-#
041 _aspa
044 _amx
084 _aDOC15
_b.B73
_c1823
100 1 _aBravo, Nicolás
_d1786-1854
_912408
245 1 0 _aDocumento firmado por Don Nicolás Bravo y Guadalupe Victoria
_cNicolás Bravo Rueda, Guadalupe Victoria, Lucas Alamán.
260 _aAntigua, Veracruz, México
_c1823
300 _a[4] fojas
_c30 x 21 cm
500 _aDocumento firmado el 11 de Mayo de 1823
500 _aDocumento firmado en la Antigua (Veracruz) por Don Nicolás Bravo y Guadalupe Victoria, dirigida a Don Lucas Alamán, Secretario de Relaciones Exteriores, en la que se informa haber cumplido las ordenes recibidas relativas al embarque de Don Agustín de Iturbide para las costas de Italia y de la paz absoluta en la que se encontraba Veracruz
500 _aEl documento tiene la leyenda DOC. #24
500 _aEstado de conservación: Contiene laguna en la esquina inferior derecha en ambas fojas y anotaciones con tinta roja
506 0 _aFondo reservado: para su consulta es necesario credencial de usuario y carta de motivos
546 _aTexto en: español de principios del siglo XIX
600 1 4 _aBravo Rueda, Nicolás
_d1786-1854
_912454
651 4 _aMéxico
_vManuscrito
_xHistoria
_yPrimeros gobiernos independientes, 1821-1824
_912455
700 1 _aVictoria, Guadalupe
_d1786-1843
_eGeneral
_912456
700 1 _aAlamán, Lucas
_d1792-1853
_912457
902 _aFDH
942 _2lcc
_cD
999 _c4611
_d4611